000 00700nac a22001931u 4500
020 _a0074624016
082 _a658.827
_bSEN
090 _c1111
_d1111
100 _aSengupta, Subroto.
245 _aBrand positioning :
_bstrategies for competitive advantage /
_cSubroto Sengupta.
250 _a2nd ed.
260 _aNew Delhi :
_bTata McGraw-Hill Pub. Co.,1999
_c1999.
300 _axiv, 297 p. ;
_c24 cm.
500 _aIncludes index.
511 _acatalogued by: wessam
650 _aBrand name products
_xMarketing.
942 _cBB
_k658.827SEN
999 _c1111
_d1111